| 000 | 01003nam0a22002411 4500 | ||
|---|---|---|---|
| 001 | rc\3556925 | ||
| 005 | 20260408051202.0 | ||
| 021 |
_aRU _bРг6947-76 |
||
| 035 | _a(NLR Aleph) 007683251 | ||
| 090 |
_a6561166 _c6561166 |
||
| 100 | _a20130115d1976 |||y0rusy50 ca | ||
| 101 | 0 | _arus | |
| 102 | _aRU | ||
| 105 | _aa bj ||||| | ||
| 200 | 1 |
_aКаталог для заказа машин по механизации работ в селекции, сортоиспытании и первичном семеноводстве на 1976-1980 гг. _fМ-во с. х. СССР. Машиностроит. з-д опытных конструкций ВИМ |
|
| 210 |
_aМосква _cБ. и. _d1976 |
||
| 215 |
_a27 с. _cил. _d25 |
||
| 712 | 0 | 2 |
_aМашиностроительный завод опытных конструкций ВИМ _cМосква _9282496 _3RU\NLR\AUTH\8810196707 |
| 801 | 0 |
_aRU _bNLR _gpsbo |
|
| 801 | 1 |
_aRU _bELAR _2rusmarc |
|
| 852 |
_aNLR _jПт 86.9/674 |
||
| 942 | _cBOOK | ||
| 980 | _aNB | ||